| 000 | 00750nam a2200241 4500 | ||
|---|---|---|---|
| 003 | OSt | ||
| 005 | 20260601171007.0 | ||
| 008 | 260507b1993\\\\mx\|||||\||||\00|\0\spa\d | ||
| 020 | _a9686651624 | ||
| 040 |
_aICI _bSPA _cICI |
||
| 041 | _aSPA | ||
| 050 |
_aHD2346M4 _bO45 |
||
| 245 | 1 |
_aOficios de Mexico / _cFot., Ricardo Kirchner ; textos, Cristina Pacheco |
|
| 264 |
_aMéxico, D.F. : _bNacional Financiera, _c1993 |
||
| 300 |
_a131 páginas _bIlustrado |
||
| 336 |
_atexto _2rdacontent |
||
| 337 |
_asin medio _2rdamedia |
||
| 338 |
_avolumen _2rdacarrier |
||
| 650 |
_a Artesanos _vObras ilustradas _z México _932425 |
||
| 700 | 1 |
_aKirchner, Ricardo, _e ilustrador _95638 |
|
| 700 | 2 |
_a Nacional Financiera (México) _932426 |
|
| 942 |
_2lcc _cB _n1 |
||
| 999 |
_c20315 _d20315 |
||